| 000 | 00708nam a22001937a 4500 | ||
|---|---|---|---|
| 999 |
_c182891 _d182891 |
||
| 005 | 20211209110932.0 | ||
| 010 | _aUR-11362 | ||
| 020 |
_c100.00 _a- |
||
| 035 | _aU-9917 | ||
| 037 | _bDBAD/PUB | ||
| 082 | _a070.4 | ||
| 100 | _aمحمد ا فضل ا لد ين ا قبا ل | ||
| 245 |
_aجنو بی ہند ميں ا ر د و صحا فت _cمحمد ا فضل ا لد ين ا قبا ل |
||
| 246 |
_aJunubi Hind mein Urdu Sahafat (Urdu) _bby Mohd.Afzaluddin Iqbal |
||
| 260 |
_aHyderabad _c2012 ء _bYousuf Sharfuddin Adabi -o-Mazhabi Trust |
||
| 270 |
_a11-3-855,New Mallepally , _bHyderabad(A.P.) _e500001 _l - |
||
| 300 |
_a109 ص _c22 Cm(Hb) |
||
| 942 |
_2ddc _cUR _h070.4 _mم ح م |
||